| 000 | 00423nam a2200157 i 4500 | ||
|---|---|---|---|
| 001 | 187722 | ||
| 003 | ES-MaACL | ||
| 005 | 20250822095027.0 | ||
| 008 | 180205s1971 sp |||| | spa d | ||
| 245 | 0 | 0 | _aHumor detrás del telón de acero. |
| 260 |
_a[Madrid] : _bFundamentos, _c[1971] |
||
| 300 |
_a71 h. : _bil. ; _c14 cm. |
||
| 650 | 0 | 7 |
_aHumor _2embne _913508 |
| 852 |
_aES-MaACL _jC-40784 |
||
| 999 |
_c187722 _d187722 |
||